| 000 | 00382nam a2200145Ia 4500 | ||
|---|---|---|---|
| 008 | 150201s2007 xx 000 0 und d | ||
| 082 |
_a615 _bD07G |
||
| 100 | _aGALT, KIMBERY | ||
| 245 | _aDEVELOPING CLINICAL PRACTICE SKILLS FOR PHARMACISTS | ||
| 250 | _a1ST | ||
| 260 |
_bAMERICAN SOCIETY OF HEALTH _aBETHESDA _c2007 |
||
| 300 | _a278 | ||
| 650 | _aPHARMACOLOGY | ||
| 942 |
_2ddc _cBK |
||
| 999 |
_c2346 _d2346 |
||